| 000 | 00811nas a2200253 4500 | ||
|---|---|---|---|
| 001 | BR9900007 | ||
| 003 | BR-BrBNA | ||
| 005 | 20231205101146.0 | ||
| 007 | ta | ||
| 008 | 230509b bl.|||p| |||| 00| 00por d | ||
| 040 |
_aBR-BrBNA _bpor _cBiblioteca Nacional de Agricultura |
||
| 041 | _a(En) | ||
| 072 | _aF08 | ||
| 100 | 1 | _aBezerra Neto, F. | |
| 100 | 1 | _aRobichaux, R.H. | |
| 245 | 1 | _aSpatial arrangement and density effects on an annual cotton/cowpea/maize intercrop; 2: yield and biomass | |
| 650 | _aAlgodao Herbaceo | ||
| 650 | _aFeijao de Corda | ||
| 650 | _aMilho | ||
| 650 | _aConsorciacao de Cultura | ||
| 773 | 0 |
_tPesquisa Agropecuaria Brasileira (Brazil) _xISSN 0100-204X _g(Oct 1997), v. 32(10) p. 1029-1037 _wBR9900007 |
|
| 909 |
_a202311 _bLúcia _c55 _dLúcia Elande |
||
| 942 |
_2AGRIS _n0 _cANA |
||
| 999 |
_c160123 _d160123 |
||